Journal of language and social psychology
Αποθηκεύτηκε σε:
| Μορφή: | Περιοδική έκδοση |
|---|---|
| Γλώσσα: | English |
| Δημοσίευση: |
Clevedon, Avon, England :
Multilingual Matters,
1982-
|
| Θέματα: | |
| Διαθέσιμο Online: | https://journals.sagepub.com/loi/JLS |
| Ετικέτες: |
Προσθήκη ετικέτας
Δεν υπάρχουν, Καταχωρήστε ετικέτα πρώτοι!
|
MARC
| LEADER | 00000cas a2200000 i 4500 | ||
|---|---|---|---|
| 001 | 1/77775 | ||
| 008 | 080318c19829999uk qr ||||||||| ||eng|| | ||
| 022 | |a 0261-927X | ||
| 035 | |l 10095572 | ||
| 040 | |a GR-MY-UA |b gre |e aacr | ||
| 041 | 0 | |a eng | |
| 082 | 7 | |a 306.4405 |2 (22) | |
| 245 | 1 | 0 | |a Journal of language and social psychology |h [περιοδικό] |
| 260 | |a Clevedon, Avon, England : |b Multilingual Matters, |c 1982- | ||
| 300 | |a τ. : |b εικ. ; |c 23-25 εκ. | ||
| 310 | |a 4 no. το χρόνο, |b 1983-2013 | ||
| 321 | |a 2 no. το χρόνο, |b 1982 | ||
| 650 | 0 | 0 | |a Sociolinguistics |x Periodicals. |
| 853 | |a INST |b RHODES |c SER |h 306.4405 | ||
| 856 | |u https://journals.sagepub.com/loi/JLS | ||
| 901 | |a BIBL4-2008-1 | ||
| 970 | |a ΚΟΖΑ |b ΜΑΡΙΑ |z 2008/03/18 | ||